Ekonomické porovnanie ľahkého komerčného automobilu s benzínovým, dieselovým a elektrickým pohonom

Hlavným cieľom článku je presné vyčíslenie bodu zlomu, v ktorom sa začína spotrebiteľovi ľahkých komerčných automobilov (konkrétne Nissan NV200) oplatiť investícia do drahšieho, elektrického variantu. Na výpočty sú použité najmä technické údaje udávané výrobcom na jeho oficiálnych stránkach. Ďalej d...

Descrizione completa

Salvato in:
Dettagli Bibliografici
Autore principale: Belička, Peter
Natura: Capitolo di libro
Lingua:slovacco
Soggetti:
Tags: Aggiungi Tag
Nessun Tag, puoi essere il primo ad aggiungerne!!

MARC

LEADER 00000naa$a2200000$$$4500
001 0251351
005 20240502074030.9
041 0 |a slo 
044 |a SK 
245 1 0 |a Ekonomické porovnanie ľahkého komerčného automobilu s benzínovým, dieselovým a elektrickým pohonom  |c Peter Belička 
520 |a Hlavným cieľom článku je presné vyčíslenie bodu zlomu, v ktorom sa začína spotrebiteľovi ľahkých komerčných automobilov (konkrétne Nissan NV200) oplatiť investícia do drahšieho, elektrického variantu. Na výpočty sú použité najmä technické údaje udávané výrobcom na jeho oficiálnych stránkach. Ďalej do výpočtu vstupuje cena benzínu a nafty, ktorá bola určená ako celoslovenský priemer ku dňu 14.10.2018. Ceny elektrickej energie sú extrahované zo stránok SPP ako jedného z distribútorov elektrickej energie na Slovensku, tiež ku dňu 14.10.2018. Z výsledkov vyplýva, že celkové náklady na elektrický Nissan e-NV200 sú vyššie ako u oboch jeho variantov - benzínového aj naftového. 
610 2 0 |a automobily osobné 
610 2 0 |a elektromobily 
610 2 0 |a palivá 
610 2 0 |a benzín 
610 2 0 |a nafta 
610 2 0 |a náklady 
610 2 0 |a ceny 
610 2 0 |a efektívnosť ekonomická 
100 1 |a Belička, Peter